01887nam a2200289uu 4500001000800000005001700008008004100025020001800066035001200084040001300096041000800109082000800117100003000125245005500155250001700210260003800227300004400265505034200309520072700651650003501378650002801413650003401441700004001475700003001515700002501545700002701570153722220260508093714.0191028s2013 spa  a9788479029555 a1537222 ccomduadb aspa 4a77110aPeterson, Bryan4auteaut13aLa exposición fotográfica : retos y soluciones a1. edición aMadrid :bEdiciones Tutor,c2013. a144 páginas :bilustraciones a color. aCONTENIDO : Introducción. -- Dominar las exposiciones fotográficas creativamente correctas. -- Captar paisajes en cualquier circunstancia. -- Fotografiar el movimiento. -- Fotografiar de noche. -- Utilizar el flash y los reflectores para modificar la luz ambiente. -- Cómo hacer exposiciones artísticas. -- Índice alfabético.3 aEn la exposición fotográfica: retos y soluciones, Peterson aborda 28 de los retos más comunes de la exposición que los fotógrafos tienen que superar. Se trata de situaciones típicas de exposición con las que tiene que enfrentarse el fotógrafo una y otra vez: escenas de contraste extremo, congelar la acción con poca iluminación, fotografiar la luna llena, exponer al sujeto ante un cielo de puesta del sol, equilibrar el sujeto en la sombra con un fondo muy iluminado y muchas más. En cada una de estas circunstancias, Peterson señala los retos, para ofrecer a continuación una solución sencilla que al mismo tiempo indica cómo un enfoque diferente puede cambiar la imagen de forma decisiva. 7aFotografíaxTécnicas2lemb aFotografía - Manuales aFotografías - Iluminación10aDomingo Santamaria, David4edteedt10aSchleper, Frank4trletrl10aKent, Jeff4edteedt10aMazur, Julie4edteedt